| 000 | 00875cam a22002651i 4500 | ||
|---|---|---|---|
| 001 | gs 05000660 | ||
| 003 | DLC | ||
| 005 | 20260227111301.0 | ||
| 008 | 790521s1891 dcuab f000 0 eng | ||
| 010 | _ags 05000660 | ||
| 035 | _a(OCoLC)4986479 | ||
| 040 |
_aDLC _cICharE _dDLC |
||
| 043 | _an-us--- | ||
| 050 | 0 | 0 |
_aQE75 _b.B9 no. 81 |
| 051 |
_aQE656 _b.W145 |
||
| 100 | 1 |
_aWalcott, Charles D. _q(Charles Doolittle), _d1850-1927. |
|
| 245 | 1 | 0 |
_aCorrelation papers ; Cambrian / _cby Charles Doolittle Walcott. |
| 260 |
_aWashington, _bGovt. Print. Off., _c1891. |
||
| 300 |
_a447 p. : _biii fold. maps, diagrs. ; _c24 cm. |
||
| 490 | 1 |
_aU.S. Geological survey. Bulletin _vno. 81 |
|
| 500 | _aLiterature : p. 19-48. | ||
| 650 | 0 |
_aGeology, Stratigraphic _yCambrian. |
|
| 650 | 0 |
_aGeology _zUnited States. |
|
| 810 | 1 |
_aUnited States. _bGeological Survey. _tBulletin ; _v81. |
|
| 999 |
_c24261 _d24261 |
||